Legislatívne, administratívne a finančné bariéry podnikania malých a stredných podnikov v SR bakalárska práca

Enregistré dans:
Détails bibliographiques
Auteur principal: Tóthová, Diana
Collectivité auteur: Podnikovohospodárska fakulta EU so sídlom v Košiciach. Katedra ekonómie
Autres auteurs: Lejková, Zuzana
Format: Livre
Langue:slovaque
Publié: Košice 2009
Tags: Ajouter un tag
Pas de tags, Soyez le premier à ajouter un tag!

MARC

LEADER 00000nam$a2200000$$$4500
001 0106285
005 20240827092517.6
041 0 |a slo 
044 |a SK 
245 1 0 |a Legislatívne, administratívne a finančné bariéry podnikania malých a stredných podnikov v SR  |b bakalárska práca  |c Diana Tóthová ; škol. Zuzana Lejková 
264 1 |a Košice  |c 2009 
300 |a 88 s. 
100 1 |a Tóthová, Diana 
700 1 |a Lejková, Zuzana 
710 2 |a Podnikovohospodárska fakulta EU so sídlom v Košiciach. Katedra ekonómie